W G Mitchell (Gleneagles) Ltd and another v Jemstock One Ltd (Record no. 78110)

MARC details
000 -LEADER
fixed length control field 01086cab a2200205 4500
001 - CONTROL NUMBER
control field L136039
008 - FIXED-LENGTH DATA ELEMENTS--GENERAL INFORMATION
fixed length control field 070104n2006 000 0 eng u
035 ## - SYSTEM CONTROL NUMBER
System control number (Sirsi) u136039
041 0# - LANGUAGE CODE
Language code of text/sound track or separate title eng
245 00 - TITLE STATEMENT
Title W G Mitchell (Gleneagles) Ltd and another v Jemstock One Ltd
260 ## - PUBLICATION, DISTRIBUTION, ETC.
Date of publication, distribution, etc. 2006
490 #0 - SERIES STATEMENT
Series statement Commercial Leases
Volume/sequential designation 20(10) November/December 2006 1174(1)
520 ## - SUMMARY, ETC.
Summary, etc. [2006] LTL 10/10/2006. The claimant who had entered into an agreement for lease of a premises with the defendant sought rectification of the agreement on the basis of it omitting key provisions which had been agreed between the parties as to guarantee payments of any shortfall between a minimum rent and the rent payable. "Held": the judge ruled that the evidence that agreed provisions had been omitted from the agreement for lease by mistake.
590 ## - LOCAL NOTE (RLIN)
Local note KA
650 24 - SUBJECT ADDED ENTRY--TOPICAL TERM
Topical term or geographic name entry element FINANCE ACT 2003
650 24 - SUBJECT ADDED ENTRY--TOPICAL TERM
Topical term or geographic name entry element W G MITCHELL LTD AND ANOTHER V JEMSTOCK ONE LTD
651 #4 - SUBJECT ADDED ENTRY--GEOGRAPHIC NAME
Geographic name United Kingdom
Chronological subdivision
690 ## - LOCAL SUBJECT ADDED ENTRY--TOPICAL TERM (OCLC, RLIN)
Topical term or geographic name as entry element PROPERTY-COMMERCIAL PROPERTY-LEASEHOLD COMMERCIAL PROPERTY-COMMERCIAL LANDLORD AND TENANT
942 ## - ADDED ENTRY ELEMENTS (KOHA)
Suppress in OPAC 0
Holdings
Withdrawn status Lost status Source of classification or shelving scheme Damaged status Not for loan Home library Current library Shelving location Date acquired Total Checkouts Full call number Barcode Date last seen Copy number Price effective from Koha item type
    Dewey Decimal Classification     London London Journal article 04/01/2007   L136039 136039-1001 06/08/2019 1 06/08/2019 Journal article